| 000 | 00420nam a22001337a 4500 | ||
|---|---|---|---|
| 020 | _a0-471-63765-3 | ||
| 082 | _a621.3822 DEF'D | ||
| 100 |
_aLUCAS, JOSEPH G, HODGKISS, WILLIAM S, DEFATTA, DAVID J _966442 |
||
| 245 | _aDIGITAL SIGNAL PROCESSING, A SYSTEM DESIGN APPROACH | ||
| 260 |
_aNEWYORK _bJOHN WILEY _c1988 |
||
| 300 | _a661P | ||
| 650 |
_aSIGNAL PROCESSING DIGITAL TECHNIQUES SYSTEM DESIGN _966443 |
||
| 942 | _cBK | ||
| 999 |
_c574417 _d574417 |
||